000 00482nam a2200217Ia 4500
001 092316
003 YMCAF
005 20230512161833.0
008 100717s2007 ||||||||||||||||| ||und|d
024 _a92316
035 _a31774
040 _aYMCAF
_beng
_cIN-KoLT
041 _aeng
082 _a005.43
_bSIN
100 _aSinghal, M
245 0 _aAdvanced concepts in operating system
260 _bTMH
_c2007
300 _a522
653 _aShivratri, N G
942 _2ddc
_cBK
999 _c9800
_d9800